Statystyki dla Wszyscy szwajcarscy skoczkowie narciarscy w historii

Kliknij tutaj aby rozwiązać quiz!

Ogólne statystyki

  • Ten quiz został rozwiązany 13 razy
  • Średni wynik to 12 z 70

Statystyki odpowiedzi

Odpowiedź% Poprawnych
Simon Ammann
100%
Gregor Deschwanden
89%
Killian Peier
78%
Andreas Kuttel
67%
Dominik Peter
67%
Luca Egloff
56%
Pascal Egloff
56%
Paul Egloff
56%
Remo Imhof
56%
Pascal Kalin
44%
Adrian Schuler
33%
Andreas Schuler
33%
Michael Mollinger
33%
Benz Hauswirth
22%
Bruno Reuteler
22%
Christian Hauswirth
22%
Gabriel Karlen
22%
Guido Landert
22%
Hansjorn Sumi
22%
Marco Grigoli
22%
Marco Steinauer
22%
Marc Vogel
22%
Martin Kunzle
22%
Rico Parpan
22%
Sandro Hauswirth
22%
Stefan Zund
22%
Sylvain Freiholz
22%
Yanick Wasser
22%
Antoine Guignard
11%
Berni Schodler
11%
Christof Birchler
11%
Hans Schmid
11%
Lars Kindlimann
11%
Martin Trunz
11%
Pascal Sommer
11%
Pascar Muller
11%
Peter Schmid
11%
Remi Francais
11%
Thomas Kindlimann
11%
Tobias Birchler
11%
Alexandre Girard-Bille
0%
Andreas Daschner
0%
Bruno Trojani
0%
Christoph Lehmann
0%
Ernst Feuz
0%
Ernst von Grunigen
0%
Fabrice Piazzini
0%
Fritz Kaufmann
0%
Fritz Tschannen
0%
Gerard Balanche
0%
Hans Eidenbenz
0%
Hermann Freimann
0%
Karl Lustenberger
0%
Lean Niederberger
0%
Marcel Reymond
0%
Markus Gahler
0%
Olan Lacroix
0%
Pascar Reymond
0%
Reto Badrutt
0%
Richard Buhler
0%
Robert Mosching
0%
Sebastien Cala
0%
Sepp Muhlbauer
0%
Sepp Zehnder
0%
Stefan Lauener
0%
Ueli Scheidegger
0%
Vital Anken
0%
Walter Prager
0%
Walter Steiner
0%
Yvan Vuilleumier
0%

Rozkład punktacji

Percentyl według liczby udzielonych odpowiedzi

Procent ludzi z każdym wynikiem

Twoja historia wyników

Nie rozwiązałeś tego quizu